Find the 20 q's within the 180 g's in 30 Seconds Quiz Stats

 Plays Quiz not verified by Sporcle

Support Sporcle.
Go Orange.
Score 0/20 Timer 00:30
0 Plays Today
% Correct
???
76.3%
???
75.3%
???
75%
???
75%
???
74.8%
???
74.7%
???
74.6%
???
74.6%
???
74.2%
???
73.9%
% Correct
???
73.9%
???
73.8%
???
73.7%
???
73.6%
???
73%
???
72.8%
???
72.6%
???
72.6%
???
72.3%
???
71.8%

You're not logged in!

Compare scores with friends on all Sporcle quizzes.
OR
Log In

From the Vault

Lost in Translation: Soul

by Sarahbelle

Try singing the re-translated lyrics out loud. It's hilarious.
Remove Ads.
Support Sporcle.
Get the best of Sporcle when you Go Orange. This ad-free experience offers more features, more stats, and more fun while also helping to support Sporcle. Thank you for becoming a member.

Show Comments

Extras

Top Quizzes Today


Score Distribution

Your Account Isn't Verified!

In order to create a playlist on Sporcle, you need to verify the email address you used during registration. Go to your Sporcle Settings to finish the process.

Report this User

Report this user for behavior that violates our Community Guidelines.

Details: